Marcq v Christie Manson and Woods Ltd (Record no. 72818)
[ view plain ]
| 000 -LEADER | |
|---|---|
| fixed length control field | 01480cam a2200241 4500 |
| 001 - CONTROL NUMBER | |
| control field | ABS66753 |
| 008 - FIXED-LENGTH DATA ELEMENTS--GENERAL INFORMATION | |
| fixed length control field | 111208n2003 000 0 eng u |
| 035 ## - SYSTEM CONTROL NUMBER | |
| System control number | (Sirsi) u122516 |
| 245 ## - TITLE STATEMENT | |
| Title | Marcq v Christie Manson and Woods Ltd |
| 260 ## - PUBLICATION, DISTRIBUTION, ETC. | |
| Date of publication, distribution, etc. | 2003 |
| 520 ## - SUMMARY, ETC. | |
| Summary, etc. | [2003] EWCA Civ 731, 23 May 2003. Raises the question of whether an auctioneer who returned a painting "The backgammon players" unsold at a public auction to the prospective owner in good faith and without notice is liable in conversion or bailment to claimant true owner (M). The painting was stolen from M's flat in 1979. Its theft was reported to the police and was registered as stolen on the Art Loss Register before 1997. In July 1997 the defendant auctioneers (CMW) obtained possession of the painting from Mr Schuenemann for the purposes of selling it at auction on the terms of their conditions of business. CA upheld the HC decision that firstly CMW had acted in good faith and without notice and was therefore not liable in conversion to M and secondly dismissed M's claim for bailment. Appeal dismissed. |
| 590 ## - LOCAL NOTE (RLIN) | |
| Local note | ABS |
| 650 ## - SUBJECT ADDED ENTRY--TOPICAL TERM | |
| Topical term or geographic name entry element | MARCQ V CHRISTIE MANSON AND WOODS LTD |
| 650 ## - SUBJECT ADDED ENTRY--TOPICAL TERM | |
| Topical term or geographic name entry element | AUCTIONEERS |
| 650 ## - SUBJECT ADDED ENTRY--TOPICAL TERM | |
| Topical term or geographic name entry element | LIABILITY |
| 650 ## - SUBJECT ADDED ENTRY--TOPICAL TERM | |
| Topical term or geographic name entry element | GOOD FAITH |
| 650 ## - SUBJECT ADDED ENTRY--TOPICAL TERM | |
| Topical term or geographic name entry element | STOLEN WORKS OF ART |
| 650 ## - SUBJECT ADDED ENTRY--TOPICAL TERM | |
| Topical term or geographic name entry element | PAINTINGS |
| 650 ## - SUBJECT ADDED ENTRY--TOPICAL TERM | |
| Topical term or geographic name entry element | BAILMENT |
| 690 ## - LOCAL SUBJECT ADDED ENTRY--TOPICAL TERM (OCLC, RLIN) | |
| Topical term or geographic name as entry element | Art and antiques |
| 856 40 - ELECTRONIC LOCATION AND ACCESS | |
| Uniform Resource Identifier | <a href="https://www.bailii.org/ew/cases/EWCA/Civ/2003/731.html">https://www.bailii.org/ew/cases/EWCA/Civ/2003/731.html</a> |
| Public note | View judgment free of charge at www.bailii.org |
| 942 ## - ADDED ENTRY ELEMENTS (KOHA) | |
| Suppress in OPAC | 0 |
| Withdrawn status | Lost status | Source of classification or shelving scheme | Damaged status | Not for loan | Home library | Current library | Shelving location | Date acquired | Total Checkouts | Full call number | Barcode | Date last seen | Copy number | Price effective from | Koha item type |
|---|---|---|---|---|---|---|---|---|---|---|---|---|---|---|---|
| Dewey Decimal Classification | London | London | Journal article | 04/06/2003 | ABS66753 | 122516-1001 | 06/08/2019 | 1 | 06/08/2019 | Law report | |||||
| Dewey Decimal Classification | Virtual | Virtual | Online | 16/06/2003 | ONLINE PUBLICATION | 122516-2001 | 06/08/2019 | 1 | 06/08/2019 | Law report |